000 00308nam a22001337a 4500
008 170712b xxu||||| |||| 00| 0 eng d
020 _a076714007994
041 _aeng
080 _a038
100 _a23
101 _aFJA
245 _aTHE MERCK MANUAL OF MEDICAL INFORMATION
_cBEERS, M.H
942 _2udc
_cBK
999 _c20302
_d20302